000 00323nam a22001337a 4500
082 _a894.812
_bCHA/V
100 _aCHACKO, CHEMMANAM
245 _aVALLATHOL, KAVIYUM VYAKTHIYUM
260 _aKOZHIKODE
_bMARAR SAHITHY PRAKASAM
_c1980
300 _a119
520 _aABOUT VALLATHOL
650 _vABOUT VALLATHOL
942 _cBK
999 _c5404
_d5404